01012cam a22002537a 4500999001700000001000900017005001700026008004100043010001700084020002700101020002400128041000800152080001600160082001900176100002300195245017800218260004500396300002900441650002500470653002900495653008600524942001200610952013600622 c57499d574991576414420221107153927.0090605s2010 caua b 001 0 eng d a 2009930128 a9781569757383 (pbk.) X a1569757380 (pbk.) X aeng a61:796 K-6204a613.7/18872221 aKnopf, Karl.9887510aHealthy shoulder handbook :b100 exercises for treating and preventing frozen shoulder, rotator cuff and other common injuries /cKarl Knopf ; photography by Austin Forbord. aBerkeley, Calif. :bUlysses Pr.,cc2010. a160 p. :bill. ;c24 cm. 0aArm exercises.98877 aმედიცინა aხელებისა და მხრების ვარჯიშები 2udccBK 00102udc40661796_K6270989209aCPLbCPLcGENd2020-06-29g50.00o61:796 K-62p60695r2020-06-29t60695w2020-06-29yBKz50 ლ.